00278nam a2200121Ia 4500008004100000100001700041245001900058260003200077300000800109650001500117942000700132999001700139190216s9999||||xx |||||||||||||| ||und|| aChangampuzha 0aSwararagasudha bPoorna Pubs Kozhikodec1982 a69p aKavithakal cBK c25495d25495